The Thames Gateway (Record no. 79596)

MARC details
000 -LEADER
fixed length control field 01267cab a22002535a 4500
001 - CONTROL NUMBER
control field L141815
008 - FIXED-LENGTH DATA ELEMENTS--GENERAL INFORMATION
fixed length control field 071221e20071123xxkbd f 000 0 eng d
035 ## - SYSTEM CONTROL NUMBER
System control number (Sirsi) u141815
041 0# - LANGUAGE CODE
Language code of text/sound track or separate title eng
100 1# - MAIN ENTRY--PERSONAL NAME
Personal name Ross, Matt
245 04 - TITLE STATEMENT
Title The Thames Gateway
Remainder of title 2007-2008
260 ## - PUBLICATION, DISTRIBUTION, ETC.
Date of publication, distribution, etc. 2007
490 ## - SERIES STATEMENT
Series statement Regeneration and Renewal Supplement
Volume/sequential designation 23 November 2007, 19-35(12)
520 ## - SUMMARY, ETC.
Summary, etc. A collection of articles examining the progress that has been made in the redevelopment of the Thames Gateway and looking to the next stages. Examines project to date including details on the planning permissions so far granted. Warns that the targeted number of homes is a long way off. Examines various parts of the project and how they are being coordinated. Warns that the issue of immigration is being overlooked and that the BNP are making gains in some poorer areas as a result. Examines how plans for the Olympic legacy may succeed. Considers the implications for docklands, waterways and flood prevention.
650 24 - SUBJECT ADDED ENTRY--TOPICAL TERM
Topical term or geographic name entry element OLYMPIC GAMES 2012
651 #4 - SUBJECT ADDED ENTRY--GEOGRAPHIC NAME
Geographic name London
690 ## - LOCAL SUBJECT ADDED ENTRY--TOPICAL TERM (OCLC, RLIN)
Topical term or geographic name as entry element PROPERTY-PROPERTY MANAGEMENT-REGENERATION
700 1# - ADDED ENTRY--PERSONAL NAME
Personal name Rowe, Mark
700 1# - ADDED ENTRY--PERSONAL NAME
Personal name Watson, Stuart
700 1# - ADDED ENTRY--PERSONAL NAME
Personal name Carroll, Nicola
700 1# - ADDED ENTRY--PERSONAL NAME
Personal name Neale, Jon
700 1# - ADDED ENTRY--PERSONAL NAME
Personal name Coleman, Paul
942 ## - ADDED ENTRY ELEMENTS (KOHA)
Suppress in OPAC 0
Holdings
Withdrawn status Lost status Source of classification or shelving scheme Damaged status Not for loan Home library Current library Shelving location Date acquired Total Checkouts Full call number Barcode Date last seen Copy number Price effective from Koha item type
    Dewey Decimal Classification     London London Journal article 21/12/2007   L141815 141815-1001 06/08/2019 1 06/08/2019 Journal article